000 00402nam a2200169Ia 4500
005 20240503021630.0
008 240331s9999 xx 000 0 und d
020 _a1856491188
082 _bBUL
_a331.4
100 _aBullock, Susan
245 0 _aWomen and work
_cSusan, bullock
260 _aLondon
_bZed books Ltd
_c1994
300 _ax, 160 p .,
650 _aWomen
650 _aGender
942 _cL
999 _c2595
_d2595